Statistiques concernant Pays par température enregistrée la plus froide

Cliquez ici pour prendre le quiz!

Statistiques générales

  • Ce quiz a été pris 5 158 fois
  • Le résultat moyen est 16 sur 23

Statistiques - réponses

° CPays% Correct
-62,8Canada
99%
-67,7Russie
99%
-51,4Norvège
98%
-51,5Finlande
97%
-52,6Suède
97%
-69,6Danemark (Groenland)
95%
-62,1Etats-Unis
94%
-52,3Chine
89%
-56,0Mongolie
86%
-43,5Estonie
81%
-43,2Lettonie
81%
-42,9Lituanie
80%
-51,6Kazakhstan
77%
-42,2Biélorussie
73%
-45,1Corée du Nord
61%
-51,6Tadjikistan
58%
-53,6Kirghizistan
57%
-42,5Suisse
55%
-52,2Afghanistan
42%
-46,7Arménie
39%
-42,2République tchèque
30%
-45,6Turquie
29%
-43,5Bosnie-Herzégovine
9%

Distribution des résultats

Percentile par nombre de réponses

% des personnes avec chaque résultat

Votre développement - résultats

Vous n’avez pas pris ce quiz